The study of biological and trade of flying fox, ការសិក្សាលក្ខណៈជីវសាស្ត្រ និងលារជួញដូរសត្វជ្រឹង (Record no. 3221)

000 -LEADER
fixed length control field 00552nam a22001577a 4500
003 - CONTROL NUMBER IDENTIFIER
control field OSt
005 - DATE AND TIME OF LATEST TRANSACTION
control field 20151106143716.0
008 - FIXED-LENGTH DATA ELEMENTS--GENERAL INFORMATION
fixed length control field 151106b xxu||||| |||| 00| 0 eng d
040 ## - CATALOGING SOURCE
Transcribing agency RUA
082 ## - DEWEY DECIMAL CLASSIFICATION NUMBER
Classification number FOR SOE 2000 B126 Or.1
100 ## - MAIN ENTRY--PERSONAL NAME
9 (RLIN) 3451
Personal name SOEUN, MONYROATH.
245 ## - TITLE STATEMENT
Title The study of biological and trade of flying fox, ការសិក្សាលក្ខណៈជីវសាស្ត្រ និងលារជួញដូរសត្វជ្រឹង
260 ## - PUBLICATION, DISTRIBUTION, ETC. (IMPRINT)
Place of publication, distribution, etc. Phnom Penh
Name of publisher, distributor, etc. RUA
Date of publication, distribution, etc. 2000
300 ## - PHYSICAL DESCRIPTION
Extent 39p.
Other physical details ill.
Dimensions 29cm.
942 ## - ADDED ENTRY ELEMENTS (KOHA)
Source of classification or shelving scheme
Koha item type FOR
Holdings
Price effective from Date last seen Permanent Location Not for loan Date acquired Source of classification or shelving scheme Koha item type Barcode Lost status Damaged status Shelving location Withdrawn status Current Location Full call number
2015-11-062015-11-06Library Block B 2015-11-06 FORRUA002261  B126 Library Block BFOR SOE 2000 B126 Or.1
2015-11-062015-11-06Library Block B 2015-11-06 FORRUA002039  B126 Library Block BFOR SOE 2000 B126 Or.2
2015-11-062015-11-06Library Block B 2015-11-06 FORRUA002045  B126 Library Block BFOR SOE 2000 B126 Or.3
2015-11-062015-11-06Library Block B 2015-11-06 FORRUA002040  B126 Library Block BFOR SOE 2000 B126 Or.4
មជ្ឈមណ្ឌលឯការនៃសាកលវិទ្យាល័យភូមិន្ទកសិកម្មចំការដូង

Powered by Koha